000
00277nam a2200121Ia 4500
008
190216s9999||||xx |||||||||||||| ||und||
100
_a
Shihabudeen Poythumkavu
245
0
_a
Manjukalam
260
_b
University Of Calicut
300
_a
95
650
_a
Kathakal
942
_c
BK
999
_c
28160
_d
28160